| 000 | 00607nam a2200181Ia 4500 | ||
|---|---|---|---|
| 008 | 151018s9999 xx 000 0 und d | ||
| 082 |
_bRBASDV43914 _a410 |
||
| 100 | _aराजशेखर हिरेमठ | ||
| 245 | _aभाषाशास्त्र परिचय | ||
| 250 | _b1 | ||
| 260 |
_bक्ष _c2007 |
||
| 300 | _a90 | ||
| 600 | _aराजशेखर हिरेमठ | ||
| 630 | _aभाषाशास्त्र परिचय | ||
| 700 | _aराजशेखर हिरेमठ | ||
| 730 | _aभाषाशास्त्र परिचय | ||
| 942 | _cBOOK | ||
| 999 |
_c1043116 _d1043113 |
||